[Event "BCF-chT4a 0405 (4NCL)"]
[Site "Telford"]
[Date "2004.11.07"]
[Round "2.6"]
[White "Ball, Chris"]
[Black "Richardson, Joe M"]
[Result "0-1"]
[WhiteElo "1610"]
[BlackElo "1890"]
[PlyCount "66"]
[EventDate "2004.11.06"]
[EventType "team"]
[EventRounds "11"]
[EventCountry "ENG"]
[SourceTitle "EXT 2006"]
[Source "ChessBase"]
[SourceDate "2005.11.24"]
[SourceVersion "1"]
[SourceVersionDate "2005.11.24"]
[SourceQuality "1"]
[WhiteTeam "Cambridge II"]
[BlackTeam "Sussex Mindsports"]
[WhiteTeamCountry "ENG"]
[BlackTeamCountry "ENG"]

1. e4 e5 2. Nf3 Nc6 3. Bc4 Bc5 4. 0-0 d6 5. c3 Bg4 6. a4 a6 7. h3 Bh5 8. d3 h6 9. b4 Ba7 10. Re1 Nf6 11. Be3 g5 12. Nbd2 g4 13. hxg4 Bxg4 14. Nf1 h5 15. N1h2 Bxe3 16. Rxe3 Rg8 17. Nxg4 Nxg4 18. Qb3 Qf6 19. Re2 h4 20. Bxf7+ Qxf7 21. Qxf7+ Kxf7 22. Nxh4 Rh8 23. Nf5 Rh7 24. f3 Rah8 25. Ng3 Nf6 26. Kf2 Rg8 27. Rh1 Rxh1 28. Nxh1 Nh5 29. Ke3 Nf4 30. Rb2 Nxg2+ 31. Kf2 Nf4 32. Ke3 Rg1 33. b5 Re1+ 0-1

[Event "BCF-chT4 0304 (4NCL)"]
[Site "West Bromwich "]
[Date "2004.05.30"]
[Round "8.5"]
[White "Richardson, Joe M"]
[Black "Burke, Steven J"]
[Result "1/2-1/2"]
[WhiteElo "1536"]
[BlackElo "1824"]
[PlyCount "166"]
[EventDate "2003.10.??"]
[EventType "team"]
[EventRounds "11"]
[EventCountry "ENG"]
[SourceTitle "EXT 2005"]
[Source "ChessBase"]
[SourceDate "2004.11.15"]
[SourceVersion "1"]
[SourceVersionDate "2004.11.15"]
[SourceQuality "1"]
[WhiteTeam "Sussex Mindsports"]
[BlackTeam "Nottinghamshire"]
[WhiteTeamCountry "ENG"]
[BlackTeamCountry "ENG"]

1. e4 d5 2. exd5 Qxd5 3. d4 e5 4. dxe5 Qxd1+ 5. Kxd1 Nc6 6. Bf4 Bf5 7. Nf3 0-0-0+ 8. Nbd2 Bc5 9. Bg3 f6 10. Nh4 Bg4+ 11. f3 Bh5 12. exf6 Nxf6 13. Bb5 Be3 14. Bd3 Bd4 15. Rb1 Nb4 16. a3 Nxd3 17. cxd3 Bb6 18. Kc2 Nd5 19. Nc4 g5 20. Nf5 Bg6 21. Nh6 Ne3+ 22. Nxe3 Bxd3+ 23. Kc3 Bxb1 24. Rxb1 Bxe3 25. Nf7 Rhe8 26. Nxd8 Rxd8 27. Be1 Rd5 28. Kc2 Kd7 29. Bc3 c5 30. Re1 Bf4 31. g3 Bd6 32. Re2 h5 33. Rd2 Rxd2+ 34. Bxd2 Be7 35. Kd3 b5 36. Ke4 Ke6 37. f4 gxf4 38. gxf4 Bf6 39. f5+ Kf7 40. Bc1 a5 41. Kd5 c4 42. a4 bxa4 43. Kxc4 a3 44. bxa3 Be5 45. h3 Kf6 46. Bd2 a4 47. Kb4 Kxf5 48. Kxa4 h4 49. Kb5 Ke4 50. a4 Kf3 51. a5 Kg3 52. Be3 Kxh3 53. a6 Bb8 54. Kc6 Kg2 55. Kb7 h3 56. Kxb8 h2 57. a7 h1Q 58. a8Q+ Kh2 59. Bf4+ Kg1 60. Qa7+ Kf1 61. Qa6+ Kg2 62. Qc6+ Kg1 63. Qc5+ Kg2 64. Qd5+ Kg1 65. Qd4+ Kg2 66. Qe4+ Kg1 67. Qe3+ Kf1 68. Qc1+ Kg2 69. Qd2+ Kf1 70. Qd3+ Kg2 71. Be5 Qe1 72. Qd5+ Kf1 73. Kc7 Ke2 74. Qc4+ Kf3 75. Qf4+ Ke2 76. Qe4+ Kd1 77. Qd5+ Qd2 78. Bd4 Ke2 79. Kc6 Qd3 80. Qg2+ Kd1 81. Qg1+ Kd2 82. Qf2+ Kd1 83. Kd5 Qb5+ 1/2-1/2